• 首页
  • 本馆介绍
  • 公告通知
  • 最新文献
  • 馆藏检索
  • 电子资源
  • 读者导购
  • 参考咨询
  • 我的图书馆
  • 登录
  • 详细信息显示
  • 放入我的书架
  • 预约/预借图书
  • 作者相关作品
  • 分类相关作品
  • 丛书相关作品
  • 出版社相关作品

书目信息

  • 表格格式
  • 工作单格式
  • 卡片格式
题名:
给我的孩子讲伦理
    
 
作者: 德鲁瓦 著
分册:  
出版信息: 重庆   重庆大学出版社  2013.01
页数: 90页
开本: 20cm
丛书名:
单 册:
中图分类: B82-49
科图分类:
主题词: 伦理学
电子资源:
ISBN: 7-5624-7097-9
000 00554nam0 2200193 450
001 2636483535
005 20260414101003.42
010    @a7-5624-7097-9@dCNY15.00
100    @a20260414d2013 km y0chiy0120 ea
101 0  @achi
102    @aCN
200 1  @a给我的孩子讲伦理@AGei Wo De Hai Zi Jiang Lun Li@f德鲁瓦著@FDe Lu Wa Zhu
210    @a重庆@c重庆大学出版社@d2013.01
215    @a90页@d20cm
606 0  @a伦理学
690    @aB82-49@v4
701  0 @a德鲁瓦@ADe Lu Wa@4著
801  0 @aCN@b大连网信软件有限公司图书馆·11@c20260414
905    @aZUCC@dB82-49@e2127
    
    给我的孩子讲伦理/德鲁瓦著.-重庆:重庆大学出版社,2013.01
    90页;20cm
    
    
    ISBN 7-5624-7097-9:CNY15.00
    
●
相关链接 在E读中查询图书 在五车中查询图书 在当当中查询图书 在豆瓣中查询图书


正题名:给我的孩子讲伦理     索取号:B82-49/2127         预约/预借

序号 登录号 条形码 馆藏地/架位号 状态 备注
1 1442626   214426263   第一样本阅览室/ [索取号:B82-49/2127] 在馆    
唐山师范学院图书馆 欢迎您!
大连网信软件有限公司© 版权所有